000 00553nam a2200157 4500
999 _c11304
_d11304
008 181115b ||||| |||| 00| 0 eng d
022 _a2094-8042
082 _aDPer 050 T48 Apr-June 2016 v. 187, n. 12-24.
100 _932524
_aBegley, Sarah
245 _aWill's testament, 400 years on/
_cSarah Begley and Merrill Fabry.
260 _aHong Kong;
_bTime Asia,
_cc2016.
300 _av187 n13, pages 42-43:
_billustrations;
_c27 cm.
650 0 _932525
_aShakespeare, William, 1564-1616.
700 _aFabry, Merrill
_eAuthor.
_937304
942 _2ddc
_cPER